Catalog

Record Details

Catalog Search



Dead & breakfast / Kat Hillis & Rosiee Thor.

Hillis, Kat,(author., Author, Author).
Thor, Rosiee,(author., Added Author).

Available copies

  • 1 of 2 copies available at LARL/NWRL Consortium.

Current holds

0 current holds with 2 total copies.

Show Only Available Copies
Location Call Number / Copy Notes Barcode Shelving Location Status Due Date
Crookston Public Library M HIL (Text) 33500014301402 New Checked out 06/01/2026
Moorhead Public Library M HIL (Text) 33500014301410 New Available -

Record details

  • ISBN: 9780593952719
  • ISBN: 0593952715
  • Physical Description: 322 pages ; 21 cm.
  • Edition: First edition.
  • Publisher: New York : Berkley Prime Crime, 2025.

Content descriptions

Summary, etc.:
"A vampire couple sinks their teeth into solving a ... Read More
Subject: Vampires > Fiction.
Gay people > Fiction.
Bed and breakfast accommodations > Fiction.
Murder > Investigation > Fiction.
Local government > Fiction.
Werewolves > Fiction.
Elves > Fiction.
Oregon > Fiction.
Vampires > Fiction.
Homicide > Fiction.
Genre: Fiction.
Gay fiction.
Vampire fiction.
Cozy mysteries.
Detective and mystery fiction.
Paranormal fiction.
Novels.
LDR 04927cam a22008058i 4500
001471045
003LARL_NWRL_CONSORTIUM
00520251119164109.0
008241101s2025 nyu e 000 1 eng
007ta
010 . ‡a 2024049757
040 . ‡aDLC ‡beng ‡erda ‡cDLC ‡dIG# ‡dYDX ‡dOCLCO ‡dJCX ‡dOCLCO ‡dRNL ‡dOCLCO ‡dJAS ‡dMWD ‡dIJ5 ‡dOCLCO
020 . ‡a9780593952719 ‡qtrade paperback
020 . ‡a0593952715 ‡qtrade paperback
020 . ‡z9780593952726 ‡qebook
035 . ‡a(OCoLC)1489462618
042 . ‡apcc
043 . ‡an-us-or
08200. ‡a813/.6 ‡223/eng/20250609
1001 . ‡aHillis, Kat, ‡eauthor. ‡4aut ‡4http://id.loc.gov/vocabulary/relators/aut ‡1http://id.loc.gov/rwo/agents/n2025025258
24510. ‡aDead & breakfast / ‡cKat Hillis & Rosiee Thor.
2463 . ‡aDead and breakfast
250 . ‡aFirst edition.
264 1. ‡aNew York : ‡bBerkley Prime Crime, ‡c2025.
300 . ‡a322 pages ; ‡c21 cm.
334 . ‡asingle unit ‡bmono ‡0http://id.loc.gov/vocabulary/issuance/mono
336 . ‡atext ‡btxt ‡2rdacontent ‡0http://id.loc.gov/vocabulary/contentTypes/txt
337 . ‡aunmediated ‡bn ‡2rdamedia ‡0http://id.loc.gov/vocabulary/mediaTypes/n
338 . ‡avolume ‡bnc ‡2rdacarrier ‡0http://id.loc.gov/vocabulary/carriers/nc
4900 . ‡aDead & breakfast ; ‡v1
520 . ‡a"A vampire couple sinks their teeth into solving a murder in this delightful and charming paranormal mystery. All Arthur wants is a quiet afterlife. All his partner, Salvatore, wants is to slather himself in glitter lotion so people think he's the kind of vampire that sparkles in the sunlight. They've compromised by stocking up on supersized bottles of moisturizer and becoming the proprietors of the Iris Inn, a B&B located in the charming small town of Trident Falls. Well, maybe not so charming. Although Arthur recalls the village fondly from his mortal days, it turns out the modern-day Trident Falls isn't too accepting of paranormals. Hoping to make a good impression nonetheless, Arthur and Salvatore are thrilled when the inn receives its first guest. They're slightly less thrilled when the town's mayor is found dead in their garden, with puncture wounds that look suspiciously like bites on his neck. The natural suspects? The town's friendly neighborhood vampires. Determined to prove their innocence, Arthur begins his own amateur investigation with the help of the B&B's sole guest, who turns out to be the new City Manager hired to make Trident Falls a more paranormal-friendly destination. When a new victim is attacked, Arthur is running out of time to crack the case and prove to the town that they're not literally out for blood ... unless it's ethically sourced, of course!"-- Provided by publisher.
650 0. ‡aVampires ‡vFiction. ‡0(LARL_NWRL_CONSORTIUM)167805
650 0. ‡aGay people ‡vFiction.
650 0. ‡aBed and breakfast accommodations ‡vFiction. ‡0(LARL_NWRL_CONSORTIUM)163677
650 0. ‡aMurder ‡xInvestigation ‡vFiction. ‡0(LARL_NWRL_CONSORTIUM)166203
650 0. ‡aLocal government ‡vFiction.
650 0. ‡aWerewolves ‡vFiction. ‡0(LARL_NWRL_CONSORTIUM)167924
650 0. ‡aElves ‡vFiction. ‡0(LARL_NWRL_CONSORTIUM)169235
651 0. ‡aOregon ‡vFiction. ‡0(LARL_NWRL_CONSORTIUM)166530
650 7. ‡aVampires ‡vFiction. ‡2sears ‡0(LARL_NWRL_CONSORTIUM)167805
650 7. ‡aHomicide ‡vFiction. ‡2sears
655 7. ‡aFiction. ‡2lcgft
655 7. ‡aGay fiction. ‡2lcgft
655 7. ‡aVampire fiction. ‡2lcgft
655 7. ‡aCozy mysteries. ‡2lcgft
655 7. ‡aDetective and mystery fiction. ‡2lcgft
655 7. ‡aParanormal fiction. ‡2lcgft
655 7. ‡aNovels. ‡2lcgft
7001 . ‡aThor, Rosiee, ‡eauthor. ‡4http://id.loc.gov/vocabulary/relators/aut ‡1https://id.oclc.org/worldcat/entity/E39PCjDq7FVy3C98TPmchkV3PP ‡1http://id.loc.gov/rwo/agents/no2019148861
758 . ‡1http://id.loc.gov/resources/instances/23911051
758 . ‡4http://id.loc.gov/ontologies/bibframe/instanceOf ‡1http://id.loc.gov/resources/works/23911051
77608. ‡iOnline version ‡4http://id.loc.gov/entities/relationships/onlineversion ‡aHillis, Kat ‡tDead & breakfast ‡bFirst edition ‡dNew York : Berkley Prime Crime, 2025 ‡z9780593952726 ‡w(DLC) 2024049758
884 . ‡aDLC bibframe2marc v2.10-dev ‡g20250609 ‡qDLC ‡uhttps://github.com/lcnetdev/bibframe2marc/releases/tag/v2.10-dev
901 . ‡a471045 ‡bOCoLC ‡c471045 ‡tbiblio ‡soclc

Additional Resources